[Event "Aragon-chT"]
[Site "Aragon"]
[Date "2009.02.07"]
[Round "3"]
[White "Cid Royo, Oscar"]
[Black "Pellicer Abella, Emilio"]
[Result "1/2-1/2"]
[WhiteElo "2080"]
[BlackElo "1813"]
[PlyCount "43"]
[EventDate "2009.01.24"]
[EventType "team-swiss"]
[EventRounds "9"]
[EventCountry "ESP"]
[SourceTitle "EXT 2011"]
[Source "ChessBase"]
[SourceDate "2010.11.26"]
[SourceVersion "1"]
[SourceVersionDate "2010.11.26"]
[SourceQuality "1"]

1. d4 d5 2. Nf3 Nf6 3. Bf4 e6 4. c3 Nbd7 5. e3 Ne4 6. Bd3 f5 7. Ne5 Ndf6 8. Nd2 Be7 9. f3 Nd6 10. Qe2 0-0 11. 0-0-0 Nf7 12. g4 c5 13. gxf5 exf5 14. Rhg1 c4 15. Qg2 Ne8 16. Nexc4 dxc4 17. Bxc4 Qa5 18. Bh6 Bf6 19. f4 Qc7 20. Bg5 Qe7 21. Bxf6 Qxf6 22. Qg3 1/2-1/2

[Event "Aragon-chT Autonomico"]
[Site "Aragon"]
[Date "2007.03.10"]
[Round "7"]
[White "Glaria Tevar, Salvador"]
[Black "Pellicer Abella, Emilio"]
[Result "1/2-1/2"]
[WhiteElo "1936"]
[BlackElo "1842"]
[PlyCount "144"]
[EventDate "2007.01.27"]
[EventType "team-tourn"]
[EventRounds "9"]
[EventCountry "ESP"]
[SourceTitle "EXT 2008"]
[Source "ChessBase"]
[SourceDate "2007.11.25"]
[SourceVersion "1"]
[SourceVersionDate "2007.11.25"]
[SourceQuality "1"]
[WhiteTeam "Aragon UGT"]
[BlackTeam "St Casablanca V"]
[WhiteTeamCountry "ESP"]
[BlackTeamCountry "ESP"]

1. d4 d5 2. Nf3 Nf6 3. Bg5 Nbd7 4. Nbd2 c6 5. e3 Qb6 6. Bd3 e6 7. 0-0 Bd6 8. c4 Qxb2 9. c5 Bc7 10. Qa4 Qc3 11. Be2 Qa5 12. Qc2 Bb8 13. Rab1 h6 14. Bf4 Bxf4 15. exf4 Qc7 16. f5 exf5 17. Bd3 Ne4 18. Nh4 Ndf6 19. Rfe1 0-0 20. Nf1 Qf4 21. g3 Qc7 22. Ng2 g6 23. Nf4 Ng5 24. Kg2 Bd7 25. Ne3 Rfe8 26. Qb2 Rab8 27. Bf1 b5 28. Nd3 Re6 29. Ne5 Rbe8 30. Qc2 Kg7 31. a4 a6 32. axb5 axb5 33. Ra1 Ng4 34. N3xg4 fxg4 35. Be2 f5 36. Ra3 Nf7 37. Rea1 Nxe5 38. dxe5 Qxe5 39. Bd3 d4 40. Ra7 Qd5+ 41. Kg1 Re1+ 42. Rxe1 Rxe1+ 43. Bf1 Kf6 44. Qd2 Re8 45. Qxh6 d3 46. Qd2 b4 47. Rb7 Bc8 48. Rxb4 Qxc5 49. Bxd3 Be6 50. Rb1 Bd5 51. Bf1 Qe7 52. Qd4+ Qe5 53. Qxe5+ Rxe5 54. Rc1 Bf3 55. h3 Ra5 56. hxg4 fxg4 57. Bg2 Bd5 58. Kf1 Ra2 59. Rxc6+ Bxc6 60. Bxc6 Ke5 61. Bb7 Kd4 62. Bc8 Ke5 63. Bxg4 g5 64. Kg2 Rb2 65. Bf3 Rd2 66. Bb7 Rb2 67. Bc6 Rc2 68. Bb7 Rb2 69. Bc6 Rc2 70. Bb7 Kd4 71. Kf3 Ke5 72. Kg2 Rb2 1/2-1/2

[Event "ESP Autonomico-chT"]
[Site "Spain"]
[Date "2006.03.25"]
[Round "8.23"]
[White "Pellicer Abella, Emilio"]
[Black "Llanes Luno, Pedro Alfredo"]
[Result "0-1"]
[WhiteElo "1855"]
[BlackElo "2157"]
[PlyCount "74"]
[EventDate "2006.02.04"]
[EventType "team-tourn"]
[EventRounds "9"]
[EventCountry "ESP"]
[SourceTitle "EXT 2007"]
[Source "ChessBase"]
[SourceDate "2006.11.23"]
[SourceVersion "1"]
[SourceVersionDate "2006.11.23"]
[SourceQuality "1"]

1. d4 Nf6 2. Nf3 g6 3. e3 Bg7 4. c3 d6 5. Nbd2 0-0 6. Bc4 Qe8 7. 0-0 e5 8. dxe5 dxe5 9. e4 b5 10. Bb3 Bb7 11. Re1 Nbd7 12. Bc2 c5 13. b3 Qe6 14. Qe2 a6 15. c4 Nh5 16. Ng5 Qf6 17. Ndf3 h6 18. Nh3 b4 19. g4 Nf4 20. Bxf4 exf4 21. Rad1 Qe6 22. Nh4 f3 23. Qxf3 Ne5 24. Qg3 Nxg4 25. Nf3 g5 26. Rd6 Qe7 27. Kf1 Ne5 28. Rd5 Rae8 29. Nxe5 Bxe5 30. Qg4 Bc8 31. Qh5 Qf6 32. Re3 g4 33. Rg3 Bxg3 34. hxg3 gxh3 35. e5 Qg5 36. e6 Qxh5 37. Rxh5 Rxe6 0-1

[Event "ESP Autonomico-chT"]
[Site "Spain"]
[Date "2006.03.11"]
[Round "6.24"]
[White "Carraminana Lopez, Luis Antonio"]
[Black "Pellicer Abella, Emilio"]
[Result "1-0"]
[WhiteElo "1929"]
[BlackElo "1855"]
[PlyCount "77"]
[EventDate "2006.02.04"]
[EventType "team-tourn"]
[EventRounds "9"]
[EventCountry "ESP"]
[SourceTitle "EXT 2007"]
[Source "ChessBase"]
[SourceDate "2006.11.23"]
[SourceVersion "1"]
[SourceVersionDate "2006.11.23"]
[SourceQuality "1"]

1. e4 e5 2. Nf3 Nc6 3. Bc4 Nf6 4. d3 h6 5. Nc3 Bb4 6. 0-0 d6 7. Ne2 Bg4 8. Ng3 Bc5 9. c3 0-0 10. h3 Be6 11. Bb5 Ne7 12. Re1 c6 13. Ba4 Ng6 14. a3 Bb6 15. d4 exd4 16. cxd4 Bc7 17. Be3 Qe7 18. Bc2 Rad8 19. Qd2 Kh7 20. Rad1 Ng8 21. Qd3 Kh8 22. Nh5 Qd7 23. d5 Bxh3 24. gxh3 Qxh3 25. Ng3 Nf6 26. Qf1 Qg4 27. Qg2 Nf4 28. Bxf4 Qxf4 29. Nd4 c5 30. Ndf5 Rg8 31. Ne2 Qe5 32. Nc3 Ba5 33. Qg3 Qe8 34. Nxd6 Qd7 35. e5 Bc7 36. Ncb5 Ba5 37. e6 fxe6 38. dxe6 Qe7 39. Nf7+ 1-0

[Event "ESP Autonomico-chT"]
[Site "Spain"]
[Date "2006.02.18"]
[Round "3.27"]
[White "Garcia Estruch, Jorge"]
[Black "Pellicer Abella, Emilio"]
[Result "1-0"]
[WhiteElo "1965"]
[BlackElo "1855"]
[PlyCount "45"]
[EventDate "2006.02.04"]
[EventType "team-tourn"]
[EventRounds "9"]
[EventCountry "ESP"]
[SourceTitle "EXT 2007"]
[Source "ChessBase"]
[SourceDate "2006.11.23"]
[SourceVersion "1"]
[SourceVersionDate "2006.11.23"]
[SourceQuality "1"]

1. e4 e5 2. Nf3 Nc6 3. Bb5 a6 4. Ba4 b5 5. Bb3 Nf6 6. Ng5 d5 7. exd5 Na5 8. 0-0 Nxb3 9. axb3 Nxd5 10. Qf3 f6 11. c4 Nb6 12. c5 Nd5 13. Nc3 Bb7 14. Ne6 Qd7 15. Nxd5 Bxd5 16. Qxd5 c6 17. Qxd7+ Kxd7 18. Nxf8+ Rhxf8 19. d4 exd4 20. Rd1 Rfe8 21. Rxd4+ Kc8 22. Be3 Re7 23. Rad1 1-0